000 00698nam a2200289Ia 4500
005 20260324111249.0
008 008 260324s9999 xx 000 0 eng d
020 _a9781032696232
037 _aEBOOK
040 _aCRL
040 _beng
040 _cCRL
041 _2eng
041 _aeng
084 _qCRL
100 _aSu Li Chong
_9997936
245 0 _aQualitative Research in Malaysia
245 0 _bBringing Voices from the Margins to the Mainstream
260 _bTaylor and Francis
260 _c2025
365 _a
365 _b230
856 _uhttp://www.taylorfrancis.com/books/9781032696232
942 _cEBOOK
999 _c1726591
_d1726591